[Event "FRA-chT4 0203"]
[Site "Champagne Ardenne"]
[Date "2002.12.08"]
[Round "3"]
[White "Sydor, Vivien"]
[Black "Guilbaut, Bertrand"]
[Result "1/2-1/2"]
[WhiteElo "1600"]
[BlackElo "1870"]
[PlyCount "105"]
[EventDate "2002.10.02"]
[EventType "team"]
[EventRounds "7"]
[EventCountry "FRA"]
[SourceTitle "EXT 2005"]
[Source "ChessBase"]
[SourceDate "2004.11.15"]
[SourceVersion "1"]
[SourceVersionDate "2004.11.15"]
[SourceQuality "1"]

1. e4 c5 2. Nc3 Nc6 3. g3 e6 4. Bg2 Nge7 5. Qe2 Nd4 6. Qd1 d5 7. Nge2 Ndc6 8. 0-0 g6 9. f4 Bg7 10. d3 0-0 11. Kh1 a6 12. a4 Rb8 13. e5 b5 14. axb5 axb5 15. d4 c4 16. Be3 Qb6 17. Qd2 Bb7 18. g4 Ra8 19. Rfb1 Rxa1 20. Rxa1 Ra8 21. Qc1 Rxa1 22. Qxa1 Nb4 23. Qd1 Qa6 24. Qb1 Nbc6 25. Qa2 b4 26. Qxa6 Bxa6 27. Na4 Bb5 28. Nc5 c3 29. Nxc3 bxc3 30. bxc3 Be2 31. h3 Bd1 32. Bc1 Bxc2 33. Ba3 Nc8 34. Nd7 N8a7 35. Bf1 Ba4 36. Kg1 Bb5 37. Bg2 Na5 38. Nf6+ Bxf6 39. exf6 Nc4 40. Bc5 Nc8 41. Bf1 h6 42. g5 Kh7 43. Kf2 Ba4 44. Bxc4 dxc4 45. h4 Bc2 46. Ke1 h5 47. Kd2 Bd3 48. Kc1 Kg8 49. Kb2 Na7 50. Bxa7 Kf8 51. Bc5+ Ke8 52. Ka3 Kd7 53. Kb4 1/2-1/2

[Event "FRA-chT4 0203"]
[Site "Champagne Ardenne"]
[Date "2002.11.17"]
[Round "2"]
[White "Talbot, Remy"]
[Black "Guilbaut, Bertrand"]
[Result "0-1"]
[WhiteElo "1640"]
[BlackElo "1830"]
[PlyCount "70"]
[EventDate "2002.10.02"]
[EventType "team"]
[EventRounds "7"]
[EventCountry "FRA"]
[SourceTitle "EXT 2005"]
[Source "ChessBase"]
[SourceDate "2004.11.15"]
[SourceVersion "1"]
[SourceVersionDate "2004.11.15"]
[SourceQuality "1"]

1. d4 Nf6 2. c4 c5 3. d5 d6 4. Nc3 g6 5. e4 Bg7 6. Nf3 0-0 7. Be2 e6 8. 0-0 exd5 9. cxd5 a6 10. Bg5 b5 11. a3 Qc7 12. Rc1 Re8 13. Re1 Nbd7 14. Bd3 Rb8 15. Nd2 c4 16. Na2 Nc5 17. Bb1 Qb6 18. Kh1 Ng4 19. Bh4 Bxb2 20. Rc2 Nd3 21. Re2 Bxa3 22. Rc3 b4 23. Rxd3 cxd3 24. Bxd3 Ne5 25. Bb1 Bd7 26. f4 Ng4 27. Nc4 Qc5 28. Rc2 Ne3 29. Nxe3 Qxe3 30. f5 Ba4 31. Re2 Qxe4 32. Rxe4 Bxd1 33. Rd4 Bb3 34. fxg6 hxg6 35. Bf6 Re1# 0-1

[Event "FRA-chT4 0102"]
[Site "Champagne Ardenne"]
[Date "2002.02.03"]
[Round "5"]
[White "Bourdens, Alain"]
[Black "Guilbaut, Bertrand"]
[Result "1-0"]
[WhiteElo "1680"]
[BlackElo "1860"]
[PlyCount "63"]
[EventDate "2002.10.??"]
[EventType "team"]
[EventRounds "7"]
[EventCountry "FRA"]
[SourceTitle "EXT 2005"]
[Source "ChessBase"]
[SourceDate "2004.11.15"]
[SourceVersion "1"]
[SourceVersionDate "2004.11.15"]
[SourceQuality "1"]

1. e4 c5 2. Nf3 d6 3. Bb5+ Nc6 4. 0-0 Qc7 5. c3 a6 6. Bxc6+ Qxc6 7. Re1 Nf6 8. e5 Nd7 9. d4 e6 10. d5 Qxd5 11. Qxd5 exd5 12. exd6+ Kd8 13. Ng5 Bxd6 14. Nxf7+ Kc7 15. Nxh8 Ne5 16. Bf4 Nc6 17. Bxd6+ Kxd6 18. Nf7+ Kc7 19. Nd2 Bf5 20. Ne5 Ne7 21. g4 Bg6 22. f4 Be8 23. b4 b6 24. a4 Nc6 25. Nxc6 Bxc6 26. Re7+ Kd6 27. Rxg7 Re8 28. Kf2 d4 29. Nc4+ Kd5 30. Nxb6+ Ke6 31. Rxh7 Kf6 32. Rh6+ 1-0